Les chiens dans la bande dessinée - Statistiques

Statistiques générales
  • Ce quiz a été pris 332 fois
    204 depuis la dernière actualisation
  • Le résultat moyen est 7 sur 45
Statistiques - réponses
Créateur(s) Nom du chien % Correct
Hergé Milou
95%
Goscinny et Uderzo Idéfix
82%
? (Disney) Pluto
73%
Morris Rantanplan
72%
Roba et Laurent Verron Bill
71%
Walt Disney Dingo
50%
Charles Schulz Snoopy
48%
Dupa Cubitus
32%
José Cabrero Arnal Pif
24%
Gotlib Gai-Luron
21%
Jim Davis Odie
20%
Binet Kador
11%
Derib et Rosy Attila
6%
Roger Mas Pifou
5%
Bob Kane et Bill Finger Ace
4%
Binder et Swan Krypto
4%
Hergé Mirza
4%
Coq Azor
3%
F'murr Le Chien
3%
Charb Maurice
3%
Rosinski et Van Hamme Muff
3%
Martin Handford Ouaf
3%
André-Philippe Côté Bali
2%
Willy Vandersteen Bessy
2%
Hergé Brutus
2%
Mike Peters Grimmy
2%
René Goscinny et Rol Lord Sitton Easycushion
2%
Midam Radar
2%
Maurice Cuvillier Alfred
1%
Ed Dodd Andy
1%
Hervé et Widenlocher Coyote Bill
1%
Carl Barks Dublair
1%
Joann Sfar Fantomate
1%
Willy Vandersteen Fifi
1%
Gos James
1%
Fiol et Maric Mr. Tweed
1%
Salma et Maury Oscar
1%
Raymond Petit et Hervé Mallet Pataud
1%
Pierre Probst Pipo
1%
Pol Rab Rac
1%
Harold Sakuishi Beck
0%
Chic Young Daisy
0%
Charles Schulz Marbles
0%
Fred Simbabbad de Batbad
0%
Martin Berthommier Touffu
0%
Aucun quiz correspondant
Distribution des résultats
% des personnes avec chaque résultat
Percentile par nombre de réponses
Votre historique - résultats
Vous n’avez pas pris ce quiz depuis la dernière actualisation